00898nac a22002411u 4500010001600000020001500016082001600031090001500047100003400062245006000096260008500156300004700241440004900288500002000337500002700357504003000384511002800414650002700442650003800469942001800507999001500525952011600540 a 87035412 a071675022800a620.11bGOR c6349d6349 aGordon, J. E. 14aThe science of structures and materials /cJ.E. Gordon. aNew York :bScientific American Library :bDistributed by Freeman,c1988.cc1988. aviii, 217 p. :bill. (some col.) ;c25 cm. 0aScientific American Library series ;vno. 23 aIncludes index. aDistributer: Al-Ahram. aBibliography: p. 205-210. aCatalogued By: Mahitab. 0aStrength of materials. 0aStructural analysis (Engineering) cBBk620.11GOR c6349d6349 00104070aMAINbMAINc1STd2007-11-21ePurchasel1o620.11GORp000007900r2025-07-15 00:00:00s2021-11-11yBB